| 000 | 00457nam a2200193Ia 4500 | ||
|---|---|---|---|
| 005 | 20230518100415.0 | ||
| 008 | 131103s9999 xx 000 0 und d | ||
| 020 | _a435188801 | ||
| 040 | _aLoreto College | ||
| 041 | _aEnglish | ||
| 082 |
_a823.91 _bNAI |
||
| 100 | _aTheroux,Paul | ||
| 245 |
_aV.S.Naipaul _cPaul Theroux |
||
| 260 |
_aLondon _bHeinemann _c1972 |
||
| 300 | _a144 p. | ||
| 650 | _aFiction in English | ||
| 850 | _aLCLIB | ||
| 942 | _cBK | ||
| 999 |
_c17038 _d67517 |
||